[Event "GER-ch U18"]
[Site "Willingen"]
[Date "2025.06.14"]
[Round "9"]
[White "Reichmann, Felix"]
[Black "Guo, Philipp Ziming"]
[Result "1/2-1/2"]
[WhiteElo "2138"]
[BlackElo "2219"]
[PlyCount "52"]
[EventDate "2025.06.08"]
[EventType "swiss"]
[EventRounds "9"]
[EventCountry "GER"]
[SourceTitle "CB26_2025"]
[SourceDate "2025.06.25"]
[SourceVersion "1"]
[SourceVersionDate "2025.06.25"]
[SourceQuality "1"]

1. c4 Nf6 2. Nf3 e6 3. g3 d5 4. d4 Nc6 5. Bg2 Bd6 6. 0-0 0-0 7. Nbd2 a5 8. Qc2 Nb4 9. Qb1 b6 10. a3 Nc6 11. e4 Be7 12. e5 Nd7 13. Re1 dxc4 14. Nxc4 Bb7 15. a4 Rb8 16. Bd2 Nb4 17. Bxb4 Bxb4 18. Rd1 Qe7 19. Ne3 Rfd8 20. Nh4 Bxg2 21. Nhxg2 c5 22. Nc4 Nf8 23. Qe4 cxd4 24. Rxd4 Rxd4 25. Qxd4 Bc5 26. Qg4 Rd8 1/2-1/2

[Event "GER-ch U18"]
[Site "Willingen"]
[Date "2025.06.12"]
[Round "7"]
[White "Beyer, Lorenz"]
[Black "Guo, Philipp Ziming"]
[Result "1/2-1/2"]
[WhiteElo "2226"]
[BlackElo "2219"]
[PlyCount "169"]
[EventDate "2025.06.08"]
[EventType "swiss"]
[EventRounds "9"]
[EventCountry "GER"]
[SourceTitle "CB26_2025"]
[SourceDate "2025.06.25"]
[SourceVersion "1"]
[SourceVersionDate "2025.06.25"]
[SourceQuality "1"]

1. e4 c5 2. d4 cxd4 3. Qxd4 Nc6 4. Qd3 g6 5. Nc3 Bg7 6. Nf3 d6 7. Be2 Nf6 8. 0-0 0-0 9. Nd5 Bg4 10. c3 Rc8 11. Bg5 Nd7 12. Rad1 Re8 13. h3 Be6 14. Qb1 a6 15. Rfe1 Bxd5 16. exd5 Nce5 17. Nxe5 Nxe5 18. Be3 Nc4 19. Bd4 b5 20. Bxg7 Kxg7 21. Rd4 Qb6 22. Bf1 e5 23. dxe6 fxe6 24. Qc1 e5 25. Rh4 Qa7 26. Bd3 Kg8 27. Be4 Nb6 28. Qd2 Rcd8 29. Bd5+ Nxd5 30. Qxd5+ Kg7 31. a4 Rf8 32. Qd2 bxa4 33. Rxa4 Rb8 34. Re3 Rb6 35. Ra5 Rfb8 36. b4 Qc7 37. Rd5 R8b7 38. Red3 Rc6 39. Rxd6 Rxd6 40. Rxd6 a5 41. Qd5 axb4 42. Qxe5+ Kg8 43. cxb4 Qe7 44. Qxe7 Rxe7 45. Rd1 Rb7 46. Rb1 Rb5 47. Kf1 Kf7 48. Ke2 Ke6 49. Kd3 Kd6 50. Kc4 Kc6 51. Re1 Rf5 52. Re6+ Kd7 53. Re2 Kc6 54. b5+ Kb6 55. Re6+ Kb7 56. f3 Rh5 57. Kb4 Rf5 58. Ka5 Rf7 59. Kb4 Rc7 60. g4 Rf7 61. Kc5 h5 62. Rxg6 Rxf3 63. Rg7+ Kb8 64. g5 Rxh3 65. Kb6 Kc8 66. Rg8+ Kd7 67. Kb7 Ke7 68. Rh8 Kf7 69. Rh6 Rh1 70. b6 h4 71. Rc6 h3 72. Kc7 Re1 73. Rh6 Rc1+ 74. Kb8 Rb1 75. b7 Rb3 76. Rc6 h2 77. Rc1 Kg6 78. Kc7 Kxg5 79. Rh1 Rc3+ 80. Kb8 Rc2 81. Rb1 Kg4 82. Ka8 Ra2+ 83. Kb8 Rc2 84. Ka7 Rc7 85. Rh1 1/2-1/2

[Event "GER-ch U18"]
[Site "Willingen"]
[Date "2025.06.08"]
[Round "1"]
[White "Deschler, Arne"]
[Black "Guo, Philipp Ziming"]
[Result "0-1"]
[WhiteElo "2055"]
[BlackElo "2219"]
[PlyCount "66"]
[EventDate "2025.06.08"]
[EventType "swiss"]
[EventRounds "9"]
[EventCountry "GER"]
[SourceTitle "CB26_2025"]
[SourceDate "2025.06.25"]
[SourceVersion "1"]
[SourceVersionDate "2025.06.25"]
[SourceQuality "1"]

1. e4 c5 2. Nf3 d6 3. d4 cxd4 4. Nxd4 Nf6 5. Nc3 a6 6. Be3 e5 7. Nb3 Be7 8. h3 h6 9. Qf3 b5 10. 0-0-0 Nbd7 11. g4 b4 12. Nd5 Nxd5 13. exd5 0-0 14. Bd3 a5 15. h4 Bxh4 16. Rdg1 Bg5 17. Rh5 g6 18. Bxg5 hxg5 19. Qh3 gxh5 20. Qxh5 Kg7 21. Qh7+ Kf6 22. f4 Ke7 23. Nd4 exd4 24. Re1+ Ne5 25. fxe5 dxe5 26. Rxe5+ Kd7 27. Bb5+ Kc7 28. Qe4 Qd6 29. Bc6 Ra6 30. Re7+ Kb8 31. Qe2 Rb6 32. c4 bxc3 33. bxc3 Qa3+ 0-1

[Event "Dortmund Sparkassen op-A 51st"]
[Site "Dortmund"]
[Date "2024.08.15"]
[Round "6"]
[White "Guo, Philipp Ziming"]
[Black "Goldinov, Daniel"]
[Result "1/2-1/2"]
[WhiteElo "2146"]
[BlackElo "1989"]
[PlyCount "40"]
[EventDate "2024.08.10"]
[EventType "swiss"]
[EventRounds "9"]
[EventCountry "GER"]
[SourceTitle "CBM 221 Extra"]
[Source "ChessBase"]
[SourceDate "2024.09.30"]
[SourceVersion "1"]
[SourceVersionDate "2024.09.30"]
[SourceQuality "1"]

1. e4 c5 2. Nf3 e6 3. d4 cxd4 4. Nxd4 Nc6 5. Nc3 Qc7 6. Be3 a6 7. Bd3 Nf6 8. 0-0 b5 9. Nxc6 Qxc6 10. Be2 Bb7 11. Bf3 e5 12. a4 b4 13. Nd5 Bc5 14. Nxf6+ gxf6 15. Qd3 d6 16. Rfc1 0-0 17. c3 b3 18. Bxc5 dxc5 19. Re1 Qd6 20. Qd1 Qd4 1/2-1/2

[Event "Dortmund Sparkassen op-A 51st"]
[Site "Dortmund"]
[Date "2024.08.14"]
[Round "5"]
[White "Vihan, Shourya"]
[Black "Guo, Philipp Ziming"]
[Result "1/2-1/2"]
[WhiteElo "1998"]
[BlackElo "2146"]
[PlyCount "40"]
[EventDate "2024.08.10"]
[EventType "swiss"]
[EventRounds "9"]
[EventCountry "GER"]
[SourceTitle "CBM 221 Extra"]
[Source "ChessBase"]
[SourceDate "2024.09.30"]
[SourceVersion "1"]
[SourceVersionDate "2024.09.30"]
[SourceQuality "1"]

1. d4 Nf6 2. c4 e6 3. Nc3 Bb4 4. Qc2 0-0 5. a3 Bxc3+ 6. Qxc3 b6 7. Bg5 Bb7 8. f3 d6 9. e3 Nbd7 10. Bd3 c5 11. Ne2 Rc8 12. Qd2 Qe7 13. 0-0 d5 14. Rac1 h6 15. Bh4 dxc4 16. Rxc4 Rfd8 17. b4 cxd4 18. Nxd4 Ne5 19. Bf2 Ng6 20. Rxc8 Rxc8 1/2-1/2

[Event "Dortmund Sparkassen op-A 51st"]
[Site "Dortmund"]
[Date "2024.08.12"]
[Round "3"]
[White "Guo, Philipp Ziming"]
[Black "Bagrationi, Alexander"]
[Result "0-1"]
[WhiteElo "2146"]
[BlackElo "2411"]
[PlyCount "62"]
[EventDate "2024.08.10"]
[EventType "swiss"]
[EventRounds "9"]
[EventCountry "GER"]
[SourceTitle "CBM 221 Extra"]
[Source "ChessBase"]
[SourceDate "2024.09.30"]
[SourceVersion "1"]
[SourceVersionDate "2024.09.30"]
[SourceQuality "1"]

1. e4 c5 2. Nf3 Nc6 3. d4 cxd4 4. Nxd4 Nf6 5. Nc3 d6 6. Bg5 Bd7 7. Qd2 Rc8 8. 0-0-0 a6 9. f4 b5 10. Bxf6 gxf6 11. Kb1 Nxd4 12. Qxd4 e6 13. Bd3 Be7 14. f5 Rc5 15. g4 a5 16. Ne2 h5 17. gxh5 e5 18. Qe3 b4 19. c3 Qb6 20. Bc2 Bf8 21. cxb4 axb4 22. Nc1 Bh6 23. Qd3 Ke7 24. Nb3 Bb5 25. Qf3 Rc6 26. Nc1 Rhc8 27. Bb3 Qd4 28. a4 Rxc1+ 29. Rxc1 Bd3+ 30. Bc2 Rxc2 31. Rxc2 b3 0-1

[Event "Dortmund Sparkassen op-A 51st"]
[Site "Dortmund"]
[Date "2024.08.11"]
[Round "2"]
[White "Buksa, Nataliya"]
[Black "Guo, Philipp Ziming"]
[Result "1/2-1/2"]
[WhiteElo "2396"]
[BlackElo "2146"]
[PlyCount "180"]
[EventDate "2024.08.10"]
[EventType "swiss"]
[EventRounds "9"]
[EventCountry "GER"]
[SourceTitle "CBM 221 Extra"]
[Source "ChessBase"]
[SourceDate "2024.09.30"]
[SourceVersion "1"]
[SourceVersionDate "2024.09.30"]
[SourceQuality "1"]

1. e4 c5 2. Nf3 d6 3. d4 cxd4 4. Nxd4 Nf6 5. Nc3 a6 6. Be3 e5 7. Nb3 Be7 8. f3 Be6 9. Qd2 0-0 10. 0-0-0 Nbd7 11. g4 b5 12. g5 Nh5 13. Nd5 Bxd5 14. exd5 f6 15. gxf6 Bxf6 16. Na5 Qe8 17. Kb1 Bd8 18. Nb7 Bc7 19. Qc3 Qc8 20. Bh3 Qxb7 21. Bxd7 Rad8 22. Be6+ Kh8 23. Bg5 Rb8 24. Bd7 Bd8 25. Bc6 Qa7 26. Bc1 Bb6 27. Rhe1 Rf7 28. Qb4 Bc5 29. Qg4 g6 30. Bh6 Rf5 31. Rd3 Qf7 32. h4 Nf4 33. Rdd1 Nh5 34. Rf1 a5 35. a3 Nf4 36. Rfe1 Nh5 37. a4 bxa4 38. Qxa4 Rxf3 39. Bb5 Qb7 40. Rf1 Rf5 41. Rxf5 gxf5 42. c4 Bb6 43. Qa3 Qc7 44. Bg5 Bc5 45. Qc3 Rf8 46. Ba4 Qb6 47. Qf3 Ng7 48. h5 Bd4 49. Rd2 e4 50. Qh3 Be5 51. Be7 Rf7 52. h6 Rxe7 53. hxg7+ Rxg7 54. Bb5 Qg1+ 55. Ka2 Qg5 56. Rc2 Bd4 57. c5 Bxc5 58. Qh1 Qf6 59. Qh5 Qf7 60. Qh4 Qe7 61. Qf4 Qf7 62. Qh4 f4 63. Rc4 Qxd5 64. Qxf4 Bd4 65. Ba6 Be5 66. Qf5 Qf7 67. Qxe4 Rg8 68. Ka3 Qe7 69. Qd5 Qg7 70. Rc2 Qg3+ 71. Ka2 Qg6 72. Bd3 Qg4 73. Be4 Rb8 74. Qc6 Qg8+ 75. Bd5 Qe8 76. Qc7 Qa4+ 77. Kb1 Rf8 78. Bc4 Qb4 79. Qe7 Qe1+ 80. Ka2 Rb8 81. Bd3 Qh1 82. Rg2 Qh6 83. Rf2 Bg7 84. Qe4 d5 85. Qxd5 Qc1 86. Bb5 a4 87. Qd6 Rc8 88. Rh2 Qc7 89. Qe6 Rf8 90. Qe2 Qe5 1/2-1/2

[Event "GER-chT Lands U20"]
[Site "Hannover"]
[Date "2023.10.03"]
[Round "4"]
[White "Hecht, Jonas Christian"]
[Black "Guo, Philipp Ziming"]
[Result "0-1"]
[WhiteElo "1999"]
[BlackElo "1945"]
[PlyCount "109"]
[EventDate "2023.10.01"]
[EventType "team-swiss"]
[EventRounds "7"]
[EventCountry "GER"]
[SourceTitle "CBM 216 Extra"]
[Source "ChessBase"]
[SourceDate "2023.11.30"]
[SourceVersion "1"]
[SourceVersionDate "2023.11.30"]
[SourceQuality "1"]

1. e4 c5 2. Nf3 d6 3. d4 cxd4 4. Nxd4 Nf6 5. Nc3 a6 6. Be2 e5 7. Nb3 Be6 8. 0-0 Be7 9. Re1 0-0 10. Bf3 b5 11. Be3 Nbd7 12. Qd2 Qc7 13. Rec1 Nb6 14. Bxb6 Qxb6 15. Nd5 Bxd5 16. exd5 a5 17. Qd3 Nd7 18. a4 b4 19. c3 Nc5 20. Nxc5 Qxc5 21. cxb4 Qxb4 22. b3 Rab8 23. Rab1 Bg5 24. Rc4 Qd2 25. Qxd2 Bxd2 26. Be2 Bb4 27. Rc2 g6 28. Bb5 Rb7 29. Rc4 Rfb8 30. Bc6 Rc7 31. Bb5 Rxc4 32. bxc4 Bc5 33. Kf1 f5 34. Ke2 Kg7 35. Rb3 Kf6 36. Rh3 Rb7 37. Rb3 e4 38. Rb2 Rb8 39. Rb3 Rb7 40. Rb2 Rb6 41. Rb1 f4 42. f3 e3 43. Rd1 Rb8 44. Rb1 g5 45. h3 h5 46. Rb2 Rb7 47. Rb1 Kf5 48. Rh1 Kf6 49. h4 g4 50. fxg4 hxg4 51. h5 Kg5 52. h6 Rh7 53. Ba6 Rxh6 54. Rxh6 Kxh6 55. Bc8 0-1

[Event "GER-chT Lands U20"]
[Site "Hannover"]
[Date "2023.10.01"]
[Round "1"]
[White "Guo, Philipp Ziming"]
[Black "Kalina, Lena"]
[Result "1-0"]
[WhiteElo "1945"]
[BlackElo "1750"]
[PlyCount "107"]
[EventDate "2023.10.01"]
[EventType "team-swiss"]
[EventRounds "7"]
[EventCountry "GER"]
[SourceTitle "CBM 216 Extra"]
[Source "ChessBase"]
[SourceDate "2023.11.30"]
[SourceVersion "1"]
[SourceVersionDate "2023.11.30"]
[SourceQuality "1"]

1. e4 c5 2. Nf3 Nc6 3. d4 cxd4 4. Nxd4 g6 5. c4 Nf6 6. Nc3 d6 7. Be2 Nxd4 8. Qxd4 Bg7 9. Be3 0-0 10. Qd2 a5 11. 0-0 a4 12. Bd4 Qa5 13. Rad1 Be6 14. f4 Rfc8 15. b3 axb3 16. axb3 Qb4 17. f5 Bd7 18. Bxf6 Bxf6 19. Nd5 Qxd2 20. Nxf6+ exf6 21. Rxd2 Bc6 22. fxg6 hxg6 23. Rxf6 Bxe4 24. Rfxd6 Ra3 25. Bd3 Bxd3 26. R2xd3 Rc7 27. Rb6 Kg7 28. Rd2 Ra1+ 29. Kf2 Rb1 30. Rb5 Rc1 31. Ra2 Rd7 32. h3 Rc3 33. Rb2 Rc7 34. Kg1 Re7 35. Kh2 Rc7 36. Ra2 Re7 37. Ra7 Re2 38. Raxb7 Rcc2 39. Rg5 Kh6 40. Rg3 Kg7 41. Rc7 Rb2 42. h4 Rf2 43. h5 g5 44. Rxg5+ Kh6 45. Rg3 Rb1 46. Rb7 Rff1 47. Rf3 Rh1+ 48. Kg3 Rxh5 49. Rf6+ Kg7 50. Rfxf7+ Kg6 51. Rf4 Re5 52. Rb6+ Kg5 53. Rf3 Re2 54. Rd3 1-0

[Event "GER-ch U16"]
[Site "Willingen"]
[Date "2023.05.30"]
[Round "4"]
[White "Guo, Philipp Ziming"]
[Black "Fathke, Luke"]
[Result "1-0"]
[WhiteElo "1941"]
[BlackElo "1637"]
[PlyCount "41"]
[EventDate "2023.05.27"]
[EventType "swiss"]
[EventRounds "9"]
[EventCountry "GER"]
[SourceTitle "CBM 214 Extra"]
[Source "ChessBase"]
[SourceDate "2023.07.31"]
[SourceVersion "1"]
[SourceVersionDate "2023.07.31"]
[SourceQuality "1"]

1. e4 c6 2. d4 d5 3. e5 Bf5 4. Nf3 e6 5. Be2 c5 6. Be3 Nd7 7. 0-0 Ne7 8. c4 Nc6 9. cxd5 exd5 10. Nc3 cxd4 11. Nxd4 Nxd4 12. Qxd4 Be6 13. Nxd5 Bc5 14. Qe4 0-0 15. Rfd1 Bxe3 16. Qxe3 Re8 17. Bb5 a6 18. Bxd7 Qxd7 19. Nb6 Qb5 20. Nxa8 Rxa8 21. Qd3 1-0

[Event "GER-ch U16"]
[Site "Willingen"]
[Date "2023.05.29"]
[Round "3"]
[White "Bier, Bela"]
[Black "Guo, Philipp Ziming"]
[Result "1/2-1/2"]
[WhiteElo "1987"]
[BlackElo "1941"]
[PlyCount "63"]
[EventDate "2023.05.27"]
[EventType "swiss"]
[EventRounds "9"]
[EventCountry "GER"]
[SourceTitle "CBM 214 Extra"]
[Source "ChessBase"]
[SourceDate "2023.07.31"]
[SourceVersion "1"]
[SourceVersionDate "2023.07.31"]
[SourceQuality "1"]

1. d4 Nf6 2. Bg5 d5 3. Bxf6 gxf6 4. e3 c5 5. dxc5 e6 6. Nf3 Bxc5 7. Be2 Nc6 8. 0-0 0-0 9. c4 dxc4 10. Qc2 f5 11. Qxc4 b6 12. Rd1 Qf6 13. Nc3 Bb7 14. Rd7 Na5 15. Qf4 Bc6 16. Rd3 Rad8 17. Rad1 Nb7 18. Ne5 Rxd3 19. Rxd3 Be8 20. Ne4 Qe7 21. Nxc5 Nxc5 22. Ra3 f6 23. Nd3 Bb5 24. h3 Nxd3 25. Bxd3 Bxd3 26. Rxd3 Rd8 27. Rc3 Rd1+ 28. Kh2 Qd6 29. Rc8+ Kf7 30. Rc7+ Kg6 31. Qxd6 Rxd6 32. Rxa7 1/2-1/2

[Event "GER-chT Lands U20"]
[Site "Wiesbaden"]
[Date "2022.10.01"]
[Round "1.4"]
[White "Guo, Philipp Ziming"]
[Black "Modali, Nikhilamrutha"]
[Result "1-0"]
[WhiteElo "1851"]
[BlackElo "1355"]
[PlyCount "95"]
[EventDate "2022.09.30"]
[EventType "team-swiss"]
[EventRounds "7"]
[EventCountry "GER"]
[SourceTitle "CBM 210 Extra"]
[Source "ChessBase"]
[SourceDate "2022.11.30"]
[SourceVersion "1"]
[SourceVersionDate "2022.11.30"]
[SourceQuality "1"]
[WhiteTeam "Schleswig Holstein U20"]
[BlackTeam "Hamburg U20"]
[WhiteTeamCountry "GER"]
[BlackTeamCountry "GER"]

1. e4 c5 2. Nf3 e6 3. d4 cxd4 4. Nxd4 Nc6 5. Nc3 a6 6. Nxc6 bxc6 7. Bd3 d5 8. 0-0 Nf6 9. Re1 Be7 10. e5 Nd7 11. Qg4 g6 12. Bh6 Qb6 13. Rab1 Qb4 14. Qh3 Qh4 15. Qxh4 Bxh4 16. Na4 a5 17. Rbc1 Ba6 18. Bxa6 Rxa6 19. c4 Ra8 20. cxd5 cxd5 21. Rc6 Be7 22. Rec1 Bf8 23. Rc8+ Rxc8 24. Rxc8+ Ke7 25. Bg5+ f6 26. exf6+ Kd6 27. Rd8 Kc7 28. Ra8 h6 29. Bh4 Kb7 30. Rxa5 g5 31. Bg3 Nxf6 32. Be5 Be7 33. Nc5+ Bxc5 34. Rxc5 Rf8 35. f3 Rf7 36. a4 Nd7 37. Rc7+ Kb6 38. Bd6 Rh7 39. b4 Nf6 40. Rxh7 Nxh7 41. Be7 e5 42. Kf2 g4 43. fxg4 Ng5 44. Bxg5 hxg5 45. h4 d4 46. Kf3 d3 47. Ke3 e4 48. hxg5 1-0

[Event "GER-chT Lands U20"]
[Site "Neumuenster"]
[Date "2021.10.06"]
[Round "7.2"]
[White "Schulze, Lara"]
[Black "Guo, Philipp Ziming"]
[Result "1-0"]
[WhiteElo "2252"]
[BlackElo "1760"]
[PlyCount "79"]
[EventDate "2021.10.01"]
[EventType "team-swiss"]
[EventRounds "7"]
[EventCountry "GER"]
[SourceTitle "CBM 204 Extra"]
[Source "ChessBase"]
[SourceDate "2021.11.30"]
[SourceVersion "1"]
[SourceVersionDate "2021.11.30"]
[SourceQuality "1"]
[WhiteTeam "Bremen/Niedersachsen"]
[BlackTeam "Schleswig Holstein"]
[WhiteTeamCountry "GER"]
[BlackTeamCountry "GER"]

1. e4 c5 2. Nf3 d6 3. d4 cxd4 4. Nxd4 Nf6 5. Nc3 a6 6. Be3 e6 7. Be2 Nbd7 8. g4 h6 9. f4 g5 10. f5 Ne5 11. h3 Qc7 12. Qd2 Bd7 13. 0-0-0 0-0-0 14. h4 gxh4 15. Rxh4 Rg8 16. Bxh6 Bxh6 17. Rxh6 Nexg4 18. fxe6 Nxh6 19. exd7+ Qxd7 20. Qxh6 Qe7 21. Qf4 Qe5 22. Qf5+ Kb8 23. Bc4 Rgf8 24. Qxe5 dxe5 25. Nf5 Rxd1+ 26. Kxd1 Rd8+ 27. Ke2 Rd7 28. a4 Kc7 29. Nd5+ Nxd5 30. exd5 f6 31. d6+ Kd8 32. Bg8 a5 33. Kd3 b6 34. Ke4 Rb7 35. Kd5 Rd7 36. Kc6 e4 37. Bd5 e3 38. Nxe3 Rh7 39. Nf5 Rh2 40. Nd4 1-0

[Event "GER-chT Lands U20"]
[Site "Neumuenster"]
[Date "2021.10.04"]
[Round "5.5"]
[White "Dietz, Kristin"]
[Black "Guo, Philipp Ziming"]
[Result "0-1"]
[WhiteElo "1924"]
[BlackElo "1760"]
[PlyCount "96"]
[EventDate "2021.10.01"]
[EventType "team-swiss"]
[EventRounds "7"]
[EventCountry "GER"]
[SourceTitle "CBM 204 Extra"]
[Source "ChessBase"]
[SourceDate "2021.11.30"]
[SourceVersion "1"]
[SourceVersionDate "2021.11.30"]
[SourceQuality "1"]
[WhiteTeam "Sachsen Anhalt"]
[BlackTeam "Schleswig Holstein"]
[WhiteTeamCountry "GER"]
[BlackTeamCountry "GER"]

1. e4 c5 2. Nf3 d6 3. d4 cxd4 4. Nxd4 Nf6 5. Nc3 a6 6. f3 e6 7. Be3 b5 8. Qd2 Nbd7 9. g4 h6 10. h4 b4 11. Na4 d5 12. exd5 Nxd5 13. Bf2 Qc7 14. Bd3 Bd6 15. Be4 Bb7 16. 0-0 N7f6 17. Rad1 Bf4 18. Qe2 Nxe4 19. fxe4 Nf6 20. Nf3 Bxe4 21. Nc5 Bd5 22. Nd3 Bd6 23. Nfe5 Ne4 24. Nf4 Bb7 25. Nxf7 Qxf7 26. Rxd6 Nxd6 27. Nxe6 Be4 28. Nc5 Qf3 29. Qxf3 Bxf3 30. Bg3 Nb7 31. Ne6 Kd7 32. Nxg7 Bxg4 33. Rf4 h5 34. Rxb4 Nd6 35. Rd4 Rh6 36. Rd5 Kc6 37. Re5 Rg8 38. Re7 Rg6 39. Be5 Nf5 40. Nxf5 Bxf5+ 41. Kf2 Rg2+ 42. Ke3 Rxc2 43. Kf4 Rg4+ 44. Kxf5 Rf2+ 45. Ke6 Rg6+ 46. Bf6 Rgxf6+ 47. Ke5 R6f5+ 48. Ke4 Re2+ 0-1

[Event "GER-chT Lands U20"]
[Site "Neumuenster"]
[Date "2021.10.02"]
[Round "2.4"]
[White "Bashylina, Luisa"]
[Black "Guo, Philipp Ziming"]
[Result "1-0"]
[WhiteElo "2000"]
[BlackElo "1760"]
[PlyCount "83"]
[EventDate "2021.10.01"]
[EventType "team-swiss"]
[EventRounds "7"]
[EventCountry "GER"]
[SourceTitle "CBM 204 Extra"]
[Source "ChessBase"]
[SourceDate "2021.11.30"]
[SourceVersion "1"]
[SourceVersionDate "2021.11.30"]
[SourceQuality "1"]
[WhiteTeam "Nordrhein Westfalen"]
[BlackTeam "Schleswig Holstein"]
[WhiteTeamCountry "GER"]
[BlackTeamCountry "GER"]

1. d4 Nf6 2. c4 e6 3. Nc3 Bb4 4. e3 b6 5. Nge2 c5 6. a3 Ba5 7. Rb1 Na6 8. g3 Bb7 9. d5 exd5 10. Bg2 Qe7 11. 0-0 Bxc3 12. Nxc3 0-0 13. cxd5 d6 14. e4 Nc7 15. f4 Qd7 16. b3 Rfe8 17. Bb2 a5 18. Na4 Ra6 19. Bxf6 gxf6 20. Qh5 Bc8 21. f5 Kh8 22. Rf4 Rg8 23. Rh4 Rg7 24. Rf1 b5 25. e5 Qe7 26. exf6 Qxf6 27. Nc3 Ne8 28. Ne4 Qd4+ 29. Kh1 Nf6 30. Nxf6 Qxf6 31. Be4 Bd7 32. g4 Kg8 33. Rg1 Qg5 34. Qxg5 Rxg5 35. f6 h6 36. Rxh6 Kf8 37. h4 Rg8 38. g5 a4 39. h5 axb3 40. g6 fxg6 41. hxg6 Be8 42. g7+ 1-0

[Event "DSOL 06 Liga Gr-C 1st"]
[Site "Playchess.com INT"]
[Date "2020.08.12"]
[Round "2.1"]
[White "Mertens, Michael"]
[Black "Guo, Philipp Ziming"]
[Result "0-1"]
[WhiteElo "1832"]
[BlackElo "1809"]
[PlyCount "48"]
[EventDate "2020.06.22"]
[EventType "team-tourn (rapid)"]
[EventCountry "GER"]
[SourceTitle "EXT 2021"]
[Source "ChessBase"]
[SourceDate "2020.10.23"]
[SourceVersion "1"]
[SourceVersionDate "2020.10.23"]
[SourceQuality "1"]
[WhiteTeam "Wehlheiden"]
[BlackTeam "Norderstedt III"]
[WhiteTeamCountry "GER"]
[BlackTeamCountry "GER"]

1. Nf3 Nf6 2. d4 e6 3. c4 b6 4. a3 Bb7 5. Nc3 d5 6. cxd5 Nxd5 7. Nxd5 Qxd5 8. Bf4 Bd6 9. Bxd6 Qxd6 10. e3 0-0 11. Be2 Nd7 12. 0-0 Qe7 13. Rc1 c5 14. dxc5 Nxc5 15. b4 Ne4 16. Qc2 Rac8 17. Qb2 Qf6 18. Qxf6 Nxf6 19. Rfd1 Nd5 20. Bc4 Rfd8 21. Nd4 Kf8 22. Kf1 e5 23. Ne2 Rxc4 24. e4 Rxe4 0-1

[Event "GER-ch U12"]
[Site "Willingen"]
[Date "2019.06.10"]
[Round "3"]
[White "Costa, Leonardo"]
[Black "Guo, Philipp Ziming"]
[Result "1-0"]
[WhiteElo "1933"]
[BlackElo "1674"]
[PlyCount "131"]
[EventDate "2019.06.08"]
[EventType "swiss"]
[EventRounds "9"]
[EventCountry "GER"]
[SourceTitle "CBM 191 Extra"]
[Source "ChessBase"]
[SourceDate "2019.09.30"]
[SourceVersion "1"]
[SourceVersionDate "2019.09.30"]
[SourceQuality "1"]

1. e4 c5 2. Nf3 Nc6 3. d4 cxd4 4. Nxd4 Nf6 5. Nc3 e5 6. Ndb5 d6 7. Bg5 a6 8. Na3 b5 9. Nd5 Be7 10. Bxf6 Bxf6 11. c3 Bg5 12. Nc2 Be6 13. a4 bxa4 14. Rxa4 a5 15. Bb5 Bd7 16. Nce3 Bxe3 17. Nxe3 Qb8 18. Qd5 Ne7 19. Bxd7+ Kxd7 20. Qa2 Qb5 21. Nc4 Nc6 22. 0-0 Ke7 23. Rd1 Rhd8 24. Rd5 Qb7 25. h3 Rab8 26. Qa3 Qb3 27. Nxe5 Nxe5 28. Rxe5+ Kd7 29. Rd5 Qxa3 30. bxa3 Rb3 31. c4 Rc3 32. e5 Ke7 33. Raxa5 Rxc4 34. exd6+ Ke6 35. Re5+ Kf6 36. Rf5+ Kg6 37. Rfd5 Rc6 38. d7 Rc1+ 39. Kh2 Rc7 40. Ra6+ f6 41. Rad6 Ra7 42. Rd3 Kf7 43. Kg3 Ke7 44. R6d4 Ra5 45. f4 Ra7 46. Kf3 g6 47. Kg3 Ke6 48. Kf3 Ke7 49. g3 Ke6 50. Ke3 Ke7 51. f5 g5 52. Kd2 Ra5 53. g4 Ra7 54. Kc2 Rc7+ 55. Kd2 Ra7 56. a4 Ra6 57. Kc3 Ra7 58. Kb3 Rb7+ 59. Ka3 Ra7 60. Rd5 Ra6 61. a5 Rc6 62. Kb4 Ra6 63. Kb5 Raa8 64. Rd6 Rdb8+ 65. Rb6 Rd8 66. Rb7 1-0

[Event "Pardubice Czech op-D 29th"]
[Site "Pardubice"]
[Date "2018.07.26"]
[Round "7"]
[White "Guo, Philipp Ziming"]
[Black "Vrzal, Tomas"]
[Result "0-1"]
[WhiteElo "1445"]
[BlackElo "1679"]
[PlyCount "94"]
[EventDate "2018.07.21"]
[EventType "swiss"]
[EventRounds "9"]
[EventCountry "CZE"]
[SourceTitle "CBM 186 Extra"]
[Source "ChessBase"]
[SourceDate "2018.08.24"]
[SourceVersion "1"]
[SourceVersionDate "2018.08.24"]
[SourceQuality "1"]

1. e4 e5 2. Nf3 Nf6 3. Nc3 d6 4. d4 exd4 5. Nxd4 Be7 6. Bd3 Bd7 7. 0-0 Nc6 8. Nxc6 Bxc6 9. Bd2 Qd7 10. f4 0-0 11. Qe2 d5 12. exd5 Bc5+ 13. Kh1 Bxd5 14. Nxd5 Qxd5 15. Qf3 Qxf3 16. Rxf3 Rfe8 17. h3 Ne4 18. Bxe4 Rxe4 19. Rff1 Re2 20. Bc3 Rxc2 21. Rfe1 f6 22. Rad1 Bd6 23. f5 Kf7 24. Re6 Re8 25. Rxe8 Kxe8 26. Re1+ Kf7 27. Kg1 Bc5+ 28. Kh1 Rf2 29. g4 Bd6 30. Kg1 Rf3 31. Re4 Rxh3 32. Kg2 Rh4 33. Kf3 Rh3+ 34. Kg2 Rg3+ 35. Kf2 Rh3 36. Kg2 Rh4 37. Kf3 h5 38. a3 Rxg4 39. Rxg4 hxg4+ 40. Kxg4 Be5 41. Bxe5 fxe5 42. Kf3 Ke7 43. a4 a5 44. Ke3 Kd6 45. Ke4 c6 46. b3 b6 47. f6 gxf6 0-1

[Event "Pardubice Czech op-D 29th"]
[Site "Pardubice"]
[Date "2018.07.23"]
[Round "3"]
[White "Guo, Philipp Ziming"]
[Black "Benci, Rudolf"]
[Result "1/2-1/2"]
[WhiteElo "1445"]
[BlackElo "1611"]
[PlyCount "55"]
[EventDate "2018.07.21"]
[EventType "swiss"]
[EventRounds "9"]
[EventCountry "CZE"]
[SourceTitle "CBM 186 Extra"]
[Source "ChessBase"]
[SourceDate "2018.08.24"]
[SourceVersion "1"]
[SourceVersionDate "2018.08.24"]
[SourceQuality "1"]

1. e4 b6 2. d4 Bb7 3. Nc3 e6 4. a3 Nf6 5. Bd3 c5 6. Nf3 c4 7. Bxc4 Nxe4 8. Nxe4 Bxe4 9. 0-0 Be7 10. d5 Qc7 11. Bb3 Na6 12. c3 Nc5 13. dxe6 dxe6 14. Bc2 Rd8 15. Qe2 Bb7 16. b4 Nd7 17. c4 Bxf3 18. Qxf3 Qxc4 19. Bb3 Qc8 20. Bf4 0-0 21. Rfc1 Qa8 22. Qxa8 Rxa8 23. Rc7 Bf6 24. Re1 Rfd8 25. Bd1 a5 26. Bf3 Rac8 27. Bb7 Rxc7 28. Bxc7 1/2-1/2